| 000 | 00370 a2200157 4500 | ||
|---|---|---|---|
| 001 | 194861 | ||
| 040 | _cMagnum | ||
| 100 | _aVerde, José Joaquim Cesário | ||
| 240 | 1 | 0 |
_aPoesias Completas de Cesário Verde _lpor |
| 245 | 1 | 0 | _aPoesias Completas de Cesário Verde |
| 300 | _a53 | ||
| 362 | 0 | _a1987 | |
| 440 | 1 | _aEdiouro | |
| 697 | _aLITERATURA GERAL | ||
| 942 | _cBK | ||
| 999 |
_c194861 _d194861 |
||